| 000 | 00666cab a22001935a 4500 | ||
|---|---|---|---|
| 001 | L148256 | ||
| 008 | 090825e20090821xxko f 000 0 eng d | ||
| 035 | _a(Sirsi) u148256 | ||
| 041 | 0 | _aeng | |
| 100 | 1 | _aGoldie, Stephen | |
| 245 | 0 | 0 |
_aProperty management _bwhen tenants get into trouble |
| 260 | _c2009 | ||
| 490 | 0 |
_aProperty Week _v75 (34) 21 August 2009, 53 (1) |
|
| 520 | _aProvides advice for landlords on how to recover rent or possession when a commercial tenant goes into administration. | ||
| 590 | _aKA | ||
| 651 | 4 |
_aGreat Britain _y1707- |
|
| 690 | _aPROPERTY-COMMERCIAL PROPERTY-COMMERCIAL LANDLORD AND TENANT-BUSINESS TENANCIES | ||
| 942 | _n0 | ||
| 999 |
_c81767 _d81767 |
||